Score 0/9 Timer 02:00
1 Play Today
Measurement Ingredient % Correct
1.5 to 3 clDark rum
78.4%
1.5 to 3 clLight rum
76.5%
dashGrenadine
69.6%
1 slice or 1 wedgeOrange or pineapple
60.8%
1.5 to 3 clApricot or cherry brandy
52.9%
1.5 to 3 clOrange or Papaya juice
52.9%
1.5 to 3 clPineapple juice
51%
1 pcMaraschino cherry
43.5%
0.75 to 1.5 cl151-proof rum
43.1%
Remove Ads.
Support Sporcle.
Get the best of Sporcle when you Go Orange. This ad-free experience offers more features, more stats, and more fun while also helping to support Sporcle. Thank you for becoming a member.

You're not logged in!

Compare scores with friends on all Sporcle quizzes.
OR
Log In

Show Comments

Extras

Top Quizzes Today


Score Distribution

Your Account Isn't Verified!

In order to create a playlist on Sporcle, you need to verify the email address you used during registration. Go to your Sporcle Settings to finish the process.

Report this User

Report this user for behavior that violates our Community Guidelines.

Details: